| 000 | 00453nab a2200145Ia 4500 | ||
|---|---|---|---|
| 003 | ES-SlBCS | ||
| 005 | 20210601132342.0 | ||
| 008 | 140529s1975 xxu||||| |||| 00| 0 ita d | ||
| 041 | _aita | ||
| 100 | 1 |
_aWidmar, B. _9194435 |
|
| 245 | 0 | 0 |
_aLa storia è continua? _c B. Widmar |
| 650 | 0 | 4 |
_aHistoria _92130 |
| 773 | 0 |
_tBollettino di Storia della Filosofia Dell'universita degli Studi di Lecce _gvol. 3, nº. 1, 1975, págs. 201-212 _wRev1600 |
|
| 942 | _cAR | ||
| 999 |
_c578424 _d578424 |
||